| 000 | 00664nam a2200217 4500 | ||
|---|---|---|---|
| 003 | OSt | ||
| 005 | 20240724013524.0 | ||
| 006 | a | ||
| 008 | 240724b |||||||| |||| 00| 0 eng d | ||
| 020 | _a9780071280426 | ||
| 040 |
_aDWCL-Main lib. _cOC |
||
| 082 |
_2Fifth edition _aCirc. 302 M996e 2009 |
||
| 100 | _aMyers, David G. | ||
| 245 | _aExploring social psychology / | ||
| 250 | _aFifth edition | ||
| 260 |
_aBoston : _bMcGraw-Hill Higher Education, _cc2009. |
||
| 300 |
_axviii, _b541 p. : ill. ; _c23 cm. |
||
| 504 | _aIncludes bibliographical references & indexes. | ||
| 650 | _a1. Social psychology. | ||
| 942 |
_2ddc _n0 _cBK-CIRC _eFifth edition _kCirc. |
||
| 999 |
_c2635 _d2635 |
||